Stranger Things Trivia #F - Statistics

General Stats
  • This quiz has been taken 42 times
  • The average score is 8 of 15
Answer Stats
Hint Answer % Correct
"Trick or Treat __" is said to Will at Halloween Freak
90%
Vecnas second victim of the four he needs Fred Benson
81%
What rule do Lucas and Mike teach Eleven about friends? Friends dont lie
81%
Lucas comes up with the idea of using this against the Mind Flayer flesh monster Fireworks
74%
People under the Mind Flayers influence are called __ Flayed
71%
The __ and the acrobat Flea
68%
The Wheelers (Karen, Ted & Holly) are taking this ride while at the fun fair Ferris wheel
61%
Where does Steve store a dead demodog? Dustin wants to study it for scientific purposes Fridge
58%
The Fun Fair is happening because of what occasion? Fourth of July
55%
What mean nickname does Troy call Mike in season 1? Frogface
55%
Secretary of the police office Florence
35%
What fictional doctor does Mike call Robin, when he instructs her to light up the dead demogorgon and activating the hive mind? Frankenstein
35%
Where Steve and Robin work in Season 4 Family Video
32%
__ are tools used by characters to navigate the Upside Down, Hawkins Lab, and the Creel House. Flashlights
26%
Name of the trailerpark Max and Eddie live in Forest Hills Trailer Park
6%
No matching quizzes found
Score Distribution
Percent of People with Each Score
Percentile by Number Answered
Your Score History
You have not taken this quiz